<?xml version="1.0" encoding="UTF-8"?>
<record
    xmlns:xsi="http://www.w3.org/2001/XMLSchema-instance"
    xsi:schemaLocation="http://www.loc.gov/MARC21/slim http://www.loc.gov/standards/marcxml/schema/MARC21slim.xsd"
    xmlns="http://www.loc.gov/MARC21/slim">

  <leader>02075nam a22003017a 4500</leader>
  <datafield tag="999" ind1=" " ind2=" ">
    <subfield code="c">21756</subfield>
    <subfield code="d">21756</subfield>
  </datafield>
  <controlfield tag="003">AR-CdUCM</controlfield>
  <controlfield tag="008">190425b           ||||| |||| 00| 0 spa d</controlfield>
  <datafield tag="040" ind1=" " ind2=" ">
    <subfield code="a">MUNICIPALIDAD PROVINCIAL DEL CUSCO</subfield>
    <subfield code="c">BIBLIOTECA MUNICIPAL DEL CUSCO</subfield>
  </datafield>
  <datafield tag="082" ind1=" " ind2=" ">
    <subfield code="a">Rev.Univ/N&#xB0;102/1952</subfield>
  </datafield>
  <datafield tag="110" ind1=" " ind2=" ">
    <subfield code="a">Universidad Nacional de San Antonio Abad del Cusco</subfield>
    <subfield code="9">15942</subfield>
  </datafield>
  <datafield tag="245" ind1=" " ind2=" ">
    <subfield code="a">Revista Universitaria :</subfield>
    <subfield code="b">&#xD3;rgano de la Universidad del Cuzco /</subfield>
  </datafield>
  <datafield tag="260" ind1=" " ind2=" ">
    <subfield code="a">Cusco :</subfield>
    <subfield code="b">H.G. Rozas,</subfield>
    <subfield code="c">1952.</subfield>
  </datafield>
  <datafield tag="300" ind1=" " ind2=" ">
    <subfield code="a">397 p&#xE1;ginas. :</subfield>
    <subfield code="c">20 cm.</subfield>
  </datafield>
  <datafield tag="440" ind1=" " ind2=" ">
    <subfield code="a">Revista Universitaria</subfield>
    <subfield code="n">A&#xF1;o XLI, 1&#xB0; semestre 1952, N&#xB0;102.</subfield>
    <subfield code="9">45983</subfield>
  </datafield>
  <datafield tag="505" ind1=" " ind2=" ">
    <subfield code="a">Contenido: Hacia una filosof&#xED;a americana. Humberto Vidal Unda. -- Contenido filos&#xF3;fico del anhelo y el acto. Fernando Manrique E. -- Arequipa. Jorge Cornejo Bouroncle. -- Un aspecto de los problemas de la educaci&#xF3;n nacional. Benjam&#xED;n Rojas D&#xED;az. -- Clave dicot&#xF3;mica para ordenes de mam&#xED;feros del Cuzco. Ismael Ceballos B. -- Expedici&#xF3;n realizada a la provincia de Paucartambo. Segundo Villasante Ort&#xED;z. -- Folklore nacional. La Mula. Efra&#xED;n Morote Best. -- An&#xE1;lisis de Nothoscordum andiculakunth. Eusebio Montesinos. -- Variaciones meteorol&#xF3;gicas estacionales en la ciudad de Cusco. Luis Olazo. -- El patriota Felipe de la Rocha. Jorge Cornejo Bouroncle. -- Desarrollo hist&#xF3;rico de la cultura occidental. Antonio Astete Abrill. -- El factor emocional la an&#xE9;cdota y la fatiga en la ense&#xF1;anza de la historia. Juan Francisco Le&#xF3;n Motta. -- El problema de la realizaci&#xF3;n del producto en la econom&#xED;a capitalista. Carlos N&#xFA;&#xF1;ez Anavitarte. -- Plan de estudios de las facultades... </subfield>
  </datafield>
  <datafield tag="650" ind1=" " ind2=" ">
    <subfield code="a">Filosof&#xED;a </subfield>
    <subfield code="9">395</subfield>
  </datafield>
  <datafield tag="650" ind1=" " ind2=" ">
    <subfield code="a">Arequipa</subfield>
    <subfield code="9">1703</subfield>
  </datafield>
  <datafield tag="650" ind1=" " ind2=" ">
    <subfield code="a">Historia Paucartambo</subfield>
    <subfield code="9">45984</subfield>
  </datafield>
  <datafield tag="650" ind1=" " ind2=" ">
    <subfield code="a">Folclore</subfield>
    <subfield code="9">3233</subfield>
  </datafield>
  <datafield tag="700" ind1=" " ind2=" ">
    <subfield code="a">Cornejo Bouroncle, Jorge</subfield>
    <subfield code="9">15278</subfield>
  </datafield>
  <datafield tag="700" ind1=" " ind2=" ">
    <subfield code="a">Morote Best, Efra&#xED;n</subfield>
    <subfield code="9">45981</subfield>
  </datafield>
  <datafield tag="700" ind1=" " ind2=" ">
    <subfield code="a">Villasante Ortiz, Segundo</subfield>
    <subfield code="9">27858</subfield>
  </datafield>
  <datafield tag="700" ind1=" " ind2=" ">
    <subfield code="a">Astete Abrill, Antonio</subfield>
    <subfield code="9">32447</subfield>
  </datafield>
  <datafield tag="700" ind1=" " ind2=" ">
    <subfield code="a">Le&#xF3;n Motta, Juan Francisco</subfield>
    <subfield code="9">45985</subfield>
  </datafield>
  <datafield tag="710" ind1=" " ind2=" ">
    <subfield code="a">Universidad Nacional de San Antonio Abad del Cusco</subfield>
    <subfield code="9">15942</subfield>
  </datafield>
  <datafield tag="942" ind1=" " ind2=" ">
    <subfield code="2">ddc</subfield>
    <subfield code="c">PP</subfield>
  </datafield>
  <datafield tag="945" ind1=" " ind2=" ">
    <subfield code="a">rac</subfield>
  </datafield>
  <datafield tag="952" ind1=" " ind2=" ">
    <subfield code="0">0</subfield>
    <subfield code="2">ddc</subfield>
    <subfield code="4">0</subfield>
    <subfield code="7">0</subfield>
    <subfield code="a">HEM</subfield>
    <subfield code="b">HEM</subfield>
    <subfield code="c">CART</subfield>
    <subfield code="d">2021-07-06</subfield>
    <subfield code="g">10.00</subfield>
    <subfield code="o">Rev.Univ/N&#xB0;102/1952</subfield>
    <subfield code="p">REVC000138</subfield>
    <subfield code="r">2021-07-06</subfield>
    <subfield code="y">PP</subfield>
  </datafield>
</record>
